[Event "NOR-chB"]
[Site "Moss"]
[Date "2006.07.14"]
[Round "8"]
[White "Urkedal, Frode Olav Olsen"]
[Black "Tande, Torkel Kvinge"]
[Result "1-0"]
[WhiteElo "2086"]
[BlackElo "1619"]
[PlyCount "35"]
[EventDate "2006.07.08"]
[EventType "swiss"]
[EventRounds "9"]
[EventCountry "NOR"]
[SourceTitle "EXT 2007"]
[Source "ChessBase"]
[SourceDate "2006.11.23"]
[SourceVersion "1"]
[SourceVersionDate "2006.11.23"]
[SourceQuality "1"]

1. d4 d6 2. e4 Nf6 3. Nc3 Nbd7 4. Nf3 e5 5. Bc4 Be7 6. 0-0 exd4 7. Nxd4 Ne5 8. Be2 0-0 9. f4 Ng6 10. Nf3 Nd7 11. Be3 c6 12. Qd2 Nb6 13. a4 f5 14. exf5 Bxf5 15. a5 Nd7 16. Nd4 Nc5 17. b4 Nd7 18. g4 1-0

[Event "NOR-chB"]
[Site "Moss"]
[Date "2006.07.13"]
[Round "7"]
[White "Reppen, Ellisiv"]
[Black "Tande, Torkel Kvinge"]
[Result "0-1"]
[WhiteElo "1895"]
[BlackElo "1619"]
[PlyCount "62"]
[EventDate "2006.07.08"]
[EventType "swiss"]
[EventRounds "9"]
[EventCountry "NOR"]
[SourceTitle "EXT 2007"]
[Source "ChessBase"]
[SourceDate "2006.11.23"]
[SourceVersion "1"]
[SourceVersionDate "2006.11.23"]
[SourceQuality "1"]

1. e4 e5 2. Nf3 Nc6 3. Bb5 d6 4. 0-0 Bd7 5. c3 a6 6. Ba4 f5 7. d3 fxe4 8. dxe4 Nf6 9. Bc2 Bg4 10. h3 Bh5 11. Be3 Qd7 12. Nbd2 Be7 13. Qe1 0-0 14. Nh2 Kh8 15. f4 exf4 16. Bxf4 Bg6 17. Rd1 Nh5 18. Be3 Rxf1+ 19. Nhxf1 Rf8 20. Nf3 Qe6 21. Bc1 Qxa2 22. Nd4 Nxd4 23. Rxd4 Qe6 24. Bd1 Bf6 25. Rb4 b5 26. g4 c5 27. Rb3 Be5 28. c4 Nf6 29. cxb5 axb5 30. Rxb5 Qc4 31. Rb7 Qxc1 0-1

[Event "NOR-ch U20"]
[Site "Bergen"]
[Date "2005.09.10"]
[Round "3"]
[White "Tande, Torkel Kvinge"]
[Black "Jorgensen, Line Jin"]
[Result "1-0"]
[WhiteElo "1323"]
[BlackElo "1446"]
[PlyCount "63"]
[EventDate "2005.09.09"]
[EventType "swiss"]
[EventRounds "6"]
[EventCountry "NOR"]
[SourceTitle "EXT 2006"]
[Source "ChessBase"]
[SourceDate "2005.11.24"]
[SourceVersion "1"]
[SourceVersionDate "2005.11.24"]
[SourceQuality "1"]

1. e4 e6 2. d4 d5 3. e5 c5 4. c3 Nc6 5. Nf3 Qb6 6. Bd3 Bd7 7. Bc2 Nge7 8. dxc5 Qxc5 9. Be3 Qa5 10. Nbd2 Ng6 11. Nb3 Qc7 12. Bxg6 hxg6 13. Bd4 Nxd4 14. Nbxd4 Be7 15. Qb3 g5 16. g4 a6 17. h3 Rc8 18. 0-0-0 b5 19. Kb1 Qb8 20. Rc1 a5 21. Qd1 Qb6 22. Qd2 f6 23. exf6 gxf6 24. h4 gxh4 25. Nxh4 Kf7 26. Qd3 Rcg8 27. Nhf3 Rxh1 28. Rxh1 Rxg4 29. Ne5+ fxe5 30. Qf3+ Rf4 31. Qh5+ Kf6 32. Qh8+ 1-0

[Event "NOR-ch U18"]
[Site "Karmoy"]
[Date "2003.09.27"]
[Round "3"]
[White "Tande, Torkel Kvinge"]
[Black "Vea, Dag Havar"]
[Result "0-1"]
[WhiteElo "918"]
[BlackElo "1099"]
[PlyCount "42"]
[EventDate "2003.09.??"]
[EventType "swiss"]
[EventRounds "7"]
[EventCountry "NOR"]
[SourceTitle "EXT 2005"]
[Source "ChessBase"]
[SourceDate "2004.11.15"]
[SourceVersion "1"]
[SourceVersionDate "2004.11.15"]
[SourceQuality "1"]

1. Nf3 e6 2. g3 d5 3. d3 Bd6 4. Bg2 Bd7 5. Nbd2 Ne7 6. c4 c5 7. cxd5 exd5 8. 0-0 Nbc6 9. b3 h6 10. Bb2 0-0 11. Rc1 Qc7 12. d4 b6 13. Ba3 cxd4 14. Bb2 Bc5 15. Nxd4 Qd6 16. Nb5 Qg6 17. Qc2 f5 18. e4 dxe4 19. Bxe4 Rac8 20. Bxf5 Nxf5 21. Ne4 Ncd4 0-1

[Event "NOR-ch U18"]
[Site "Karmoy"]
[Date "2003.09.26"]
[Round "1"]
[White "Snarheim, Synnove"]
[Black "Tande, Torkel Kvinge"]
[Result "1/2-1/2"]
[WhiteElo "1182"]
[BlackElo "918"]
[PlyCount "107"]
[EventDate "2003.09.??"]
[EventType "swiss"]
[EventRounds "7"]
[EventCountry "NOR"]
[SourceTitle "EXT 2005"]
[Source "ChessBase"]
[SourceDate "2004.11.15"]
[SourceVersion "1"]
[SourceVersionDate "2004.11.15"]
[SourceQuality "1"]

1. e4 g6 2. Nf3 d6 3. d4 Bg7 4. Bc4 Nd7 5. c3 e6 6. Bg5 Ne7 7. Nbd2 0-0 8. 0-0 c6 9. Re1 Nb6 10. Bb3 Qc7 11. Qc2 d5 12. e5 f6 13. exf6 Bxf6 14. Bh6 Re8 15. Ne5 Nd7 16. Ng4 Bg7 17. Bg5 Nf5 18. Nf3 h6 19. Bd2 Nf6 20. Nge5 Kh7 21. Qd3 Nd7 22. Nxg6 Kxg6 23. Nh4+ Kf7 24. Nxf5 exf5 25. Qxf5+ Nf6 26. Qd3 Bd7 27. Bc2 Ne4 28. Qf3+ Kg8 29. Bf4 Qd8 30. Qh5 Qf6 31. Be3 Re7 32. f3 Nd6 33. Bg6 Bf5 34. Bxf5 Qxf5 35. Qh4 Rae8 36. Bf2 Rxe1+ 37. Bxe1 Qg5 38. Qf2 Qe3 39. Bd2 Qxf2+ 40. Kxf2 Nc4 41. Bc1 Kh7 42. b3 Nd6 43. Bf4 Nb5 44. Rc1 a6 45. g4 Bf6 46. Bg3 Kg7 47. f4 c5 48. dxc5 Nxc3 49. Rc2 Ne4+ 50. Kf3 Nxg3 51. hxg3 Re6 52. b4 Bd4 53. Rd2 Re3+ 54. Kg2 1/2-1/2